000 01091nam a2200337 i 4500
003 EG-GICUC
005 20260210223623.0
008 260210s1916 uk ||||fr|||| 001 0 eng d
040 _aEG-GiCUC
_beng
_cEG-GiCUC
_dEG-GiCUC
_erda
041 _aeng
082 0 4 _221
_a341.60493
_bMA . B
092 0 4 _221
099 _aLaw1 11 341.60493 MA . B 1916
100 1 _aMassart, Jean
_eAuthor.
245 1 0 _aBelgians Under The German Eagle /
_cBy Jean Massart.
264 1 _aLondon :
_bT. Fisher Unwin, Ltd,
_c1916.
300 _a368 pages,
_c24 cm
_billustrations,
336 _2rda content
_atext
337 _2rda media
_aComputer
338 _2rda carrier
_aOnline Resource
500 _aIncludes index.
504 _aBibliography: pages 200-250.
546 _aText in English
650 1 4 _aInternational Humanitarian Law
_2qrmak
650 1 4 _aPublic international law
_2qrmak
651 1 _2qrmak
_aBelgium
_xGerman occupation
700 _aMiall, Bernard
_eTranslator.
856 4 0 _uhttps://fll.law.cu.edu.eg/fulltext/bks/B11-06886.pdf
905 _a79
942 _2ddc
_cBK
_e21
_n0
999 _c62521
_d62521